00922nam a22001817a 4500003000900000008004100009040007100050082001800121100002600139245013800165260001900303300002700322505032300349650001600672650001600688650001400704700002200718AR-CdUCM190725b ||||| |||| 00| 0 spa d aMUNICIPALIDAD PROVINCIAL DEL CUSCOcBIBLIOTECA MUNICIPAL DEL CUSCO a338.61 /bV66 aVillafuerte R., Jorge aInvestigación enseñanza y difusión :buna acción local con perspectivas para impulsar una política de desarrollo regional / aCusco :c1983. a64 páginas ;c28 cm. aContenido : impacto de los proyectos y los institutos en el desarrollo de la región, en particular con los sectores más deprimidos con los que trabajo o trabaja, y alternativas que plantean para un desarrollo más efectivo en base a las experiencias acumuladas en materia de investigación y proyección social. aEducación aEnseñanza aProyectos aSaloma G., Adolfo